| 000 -LEADER |
| fixed length control field |
00481nam a2200169Ia 4500 |
| 008 - FIXED-LENGTH DATA ELEMENTS--GENERAL INFORMATION |
| fixed length control field |
190805s9999||||xx |||||||||||||| ||und|| |
| 020 ## - INTERNATIONAL STANDARD BOOK NUMBER |
| International Standard Book Number |
9781906915292 |
| Terms of availability |
£ 35.00 |
| 082 04 - DEWEY DECIMAL CLASSIFICATION NUMBER |
| Classification number |
623.893 |
| Item number |
Sq58 |
| 100 1# - MAIN ENTRY--PERSONAL NAME |
| Personal name |
Squire, David |
| 245 14 - TITLE STATEMENT |
| Title |
The Use of Visual Aids to Navigation / |
| 250 ## - EDITION STATEMENT |
| Edition statement |
2nd ed. |
| 260 ## - PUBLICATION, DISTRIBUTION, ETC. (IMPRINT) |
| Place of publication, distribution, etc |
London : |
| Name of publisher, distributor, etc |
The Nautical Institute, |
| Date of publication, distribution, etc |
2013 |
| 300 ## - PHYSICAL DESCRIPTION |
| Extent |
72 p. |
| Other physical details |
: |
| Dimensions |
; 24 cm. |
| 650 #0 - SUBJECT ADDED ENTRY--TOPICAL TERM |
| Topical term or geographic name as entry element |
Aids to navigation |
| 852 ## - LOCATION/CALL NUMBER |
| Location |
|
| 942 ## - ADDED ENTRY ELEMENTS (KOHA) |
| Item type |
Books |